30 regiões metropolitanas mais populosas do Canadá - Statistics

Estatísticas Gerais
  • Esse quiz foi jogado 28 vezes
  • A pontuação média é 11 de 30
Estatísticas das Respostas
# População Letra Região metropolitana % Correto
6 1.068.821 O - G Ottawa - Gatineau
96%
1 5.647.656 T Toronto
96%
2 3.675.219 M Montreal
91%
3 2.426.160 V Vancouver
91%
4 1.305.550 C Calgary
78%
8 733.156 Q Québec
70%
7 758.515 W Winnipeg
65%
5 1.151.635 E Edmonton
61%
9 729.560 H Hamilton
48%
13 348.634 H Halifax
43%
18 224.996 R Regina
43%
12 363.222 V Victoria
43%
11 423.369 L London
39%
16 264.637 S Saskatoon
39%
10 522.888 K Kitchener
26%
27 127.943 K Kingston
22%
17 242.460 S - N St. Catharines - Niagara Falls
22%
15 306.519 W Windsor
22%
14 335.949 O Oshawa
17%
20 181.380 K Kelowna
13%
22 151.157 S Sherbrooke
13%
21 154.676 B Barrie
9%
19 185.565 S St. John's
9%
25 132.300 A Abbotsford
4%
23 144.356 G Guelph
4%
29 119.785 M Moncton
4%
26 128.057 T Trois-Rivières
4%
24 137.118 K Kanata
0%
28 124.579 M Milton
0%
30 109.167 W White Rock
0%
Nenhum quiz correspondente encontrado
Distribuição das Pontuações
Porcentagem de Pessoas com Cada Pontuação
Percentil de Números Respondidos
Sua Pontuação Histórica
Você não jogou esse quiz